000 01036nam a22002537a 4500
005 20170124103014.0
010 _aB-051077
020 _c200.00
_a8188090026
035 _aB-051077
037 _bCen Lib/Ret
040 _aDPL
_bHN
082 _a
_bवर्मागा
100 _aवर्मा, गायत्री
_958568
245 _aकभी न बुझती चिंगारी /
_cगायत्री वर्मा
246 _aKabhi na bujhati chingari /
_bby Gayatri Varma
260 _aदिल्ली
_bस्वास्तिक प्रकाशन
_c2002
270 _bदिल्ली
_aआत्माराम बिल्डिंग 1376, कश्मीरी गेट
_e110006
300 _a203पृ.
_c21सेमी (सजिल्द)
650 _aहिन्दी साहित्य
_958569
650 _aउपन्यास
_958570
650 _aHindi literature
_958571
650 _aFiction
_98901
942 _2ddc
_cHN
_h
_mवर्मागा
999 _c114832
_d114832